Naša spiaca krásavica
Slovensko z pohľadu odborníkov v cestovnom ruchu. Odporúčania na najatraktívnejšie miesta. Zviditeľňovanie Slovenska v zahraničí. Kto je náš hosť. Aké je dovolenkárske Slovensko v očiach cudzinca.
Na minha lista:
| Autor principal: | |
|---|---|
| Formato: | Capítulo de Livro |
| Idioma: | eslovaco |
| Assuntos: | |
| Tags: |
Sem tags, seja o primeiro a adicionar uma tag!
|
MARC
| LEADER | 00000naa$a2200000$$$4500 | ||
|---|---|---|---|
| 001 | 0057925 | ||
| 005 | 20231009072046.7 | ||
| 041 | 0 | |a slo | |
| 044 | |a SK | ||
| 245 | 1 | 0 | |a Naša spiaca krásavica |c Ján Blažej |
| 520 | |a Slovensko z pohľadu odborníkov v cestovnom ruchu. Odporúčania na najatraktívnejšie miesta. Zviditeľňovanie Slovenska v zahraničí. Kto je náš hosť. Aké je dovolenkárske Slovensko v očiach cudzinca. | ||
| 610 | 2 | 0 | |a ruch cestovný domáci |
| 610 | 2 | 0 | |a ruch cestovný aktívny |
| 610 | 2 | 0 | |a cudzinci |
| 610 | 2 | 0 | |a propagácia |
| 610 | 2 | 0 | |a kúpele |
| 610 | 2 | 0 | |a príroda |
| 610 | 2 | 0 | |a regióny |
| 610 | 2 | 0 | |a služby |
| 610 | 2 | 0 | |a politika ruchu cestovného |
| 100 | 1 | |a Blažej, Ján | |